|
|
|
|
| LEADER |
01796nam a22003734a 4500 |
| 001 |
EBC243008 |
| 003 |
MiAaPQ |
| 005 |
20200520144314.0 |
| 006 |
m o d | |
| 007 |
cr cn||||||||| |
| 008 |
021206s2003 nyu sb 001 0 eng |
| 010 |
|
|
|z 2002155253
|
| 020 |
|
|
|z 0814407714
|
| 035 |
|
|
|a (MiAaPQ)EBC243008
|
| 035 |
|
|
|a (Au-PeEL)EBL243008
|
| 035 |
|
|
|a (CaPaEBR)ebr10044955
|
| 035 |
|
|
|a (OCoLC)475962446
|
| 040 |
|
|
|a MiAaPQ
|c MiAaPQ
|d MiAaPQ
|
| 050 |
|
4 |
|a HD38.25.U6
|b C63 2003
|
| 082 |
0 |
4 |
|a 658.4/0089/96073
|2 21
|
| 100 |
1 |
|
|a Cobbs, Price M.
|
| 245 |
1 |
0 |
|a Cracking the corporate code
|h [electronic resource] :
|b the revealing success stories of 32 African-American executives /
|c Price M. Cobbs and Judith L. Turnock.
|
| 260 |
|
|
|a New York :
|b American Management Association,
|c c2003.
|
| 300 |
|
|
|a xv, 287 p.
|
| 504 |
|
|
|a Includes bibliographical references and index.
|
| 505 |
0 |
|
|a Introduction : setting the record straight -- Ambiguity -- Managing your demons -- Fitting in -- "Reading" unwritten rules -- Making your mark -- Managing relationships -- Understanding power -- Acquiring power -- Using power for leadership -- From big business to my business -- Diversity legacy I: inside the corporation -- Diversity legacy II: in the community.
|
| 533 |
|
|
|a Electronic reproduction. Ann Arbor, MI : ProQuest, 2015. Available via World Wide Web. Access may be limited to ProQuest affiliated libraries.
|
| 650 |
|
0 |
|a African American executives
|v Interviews.
|
| 650 |
|
0 |
|a African American executives
|v Case studies.
|
| 650 |
|
0 |
|a Success in business
|z United States.
|
| 655 |
|
4 |
|a Electronic books.
|
| 700 |
1 |
|
|a Turnock, Judith L.
|
| 710 |
2 |
|
|a ProQuest (Firm)
|
| 856 |
4 |
0 |
|u https://ebookcentral.proquest.com/lib/matrademy/detail.action?docID=243008
|z Click to View
|